| 000 | 00672nam a2200169 4500 | ||
|---|---|---|---|
| 001 | 139384 | ||
| 003 | ES-MaACL | ||
| 005 | 20230906195806.0 | ||
| 007 | t| | ||
| 008 | 070214s1959 sp r ||||1| spa d | ||
| 100 | 1 |
_aSchaefer, A. _9104177 |
|
| 245 | 1 | 0 |
_aHidráulica y construcciones hidráulicas _b: con inclusión de nuevos conceptos teórico-prácticos / _cA. Schèafer ; traducción de la 2ª ed. alemana y con 6 apéndices relativos a temas de especial interés en España por D. R. Dublang. |
| 260 |
_aBarcelona [etc.] : _bLabor, _c1959. |
||
| 300 |
_aXII, 266 p. : _bil. ; _c29 cm. |
||
| 700 | 1 |
_aDublang, Roberto. _945757 |
|
| 852 |
_aES-MaACL _jC-2548 _bR.44747 |
||
| 999 |
_c139384 _d139384 |
||